Criminals, idiots, women, and minors : Victorian writing by women on women (Record no. 141691)

MARC details
000 -LEADER
fixed length control field 00874nam a2200241Ia 4500
008 - FIXED-LENGTH DATA ELEMENTS--GENERAL INFORMATION
fixed length control field 191130s2004##################000#0#eng##
020 ## - INTERNATIONAL STANDARD BOOK NUMBER
ISBN 9781551116082
082 ## - DEWEY DECIMAL CLASSIFICATION NUMBER
Classification number 305.42094109034 HAM
245 ## - TITLE STATEMENT
Title Criminals, idiots, women, and minors : Victorian writing by women on women
Statement of responsibility, etc edited by Susan Hamilton
250 ## - EDITION STATEMENT
Edition statement 2nd ed
260 ## - PUBLICATION, DISTRIBUTION, ETC. (IMPRINT)
Place of publication Peterborough, Ont
Name of publisher Broadview Press
Year of publication c2004
300 ## - PHYSICAL DESCRIPTION
Number of Pages xxvii, 272 p. ; 23 cm
500 ## - GENERAL NOTE
General note Includes bibliographical references
650 ## - SUBJECT ADDED ENTRY--TOPICAL TERM
Topical Term Feminism - Great Britain - History - 19th century - Sources
Topical Term Women - Great Britain - History - 19th century - Sources
Topical Term Women's rights - Great Britain - History - 19th century - Sources
700 ## - ADDED ENTRY--PERSONAL NAME
Personal name Hamilton, Susan
991 ## -
-- 171773
Holdings
Withdrawn status Lost status Damaged status Not for loan Home library Current library Shelving location Date acquired Full call number Accession Number Price effective from Koha item type
        Anna Centenary Library Anna Centenary Library 3RD FLOOR, B WING 12.10.2020 305.42094109034 HAM 275780 12.10.2020 English Books

Find us on the map